| 000 | 00673nam a22002177a 4500 | ||
|---|---|---|---|
| 999 |
_c15965 _d15965 |
||
| 003 | AR-CdUCM | ||
| 008 | 190430b ||||| |||| 00| 0 spa d | ||
| 040 |
_aMUNICIPALIDAD PROVINCIAL DEL CUSCO _cBIBLIOTECA MUNICIPAL DEL CUSCO |
||
| 082 |
_a869.335 / _bN45 |
||
| 100 |
_aNeruda, Pablo _92359 |
||
| 245 | _aVeinte poemas de amor y una canción desesperada / | ||
| 260 |
_aBuenos Aires : _bEdit. Tor, _c1940. |
||
| 300 |
_a105 paginas ; _c19 cm. |
||
| 440 |
_aColección Cometa _935221 |
||
| 505 | _aContenido :Poemas / | ||
| 650 |
_aLiteratura chilena _92985 |
||
| 650 |
_aCuentos _943988 |
||
| 650 |
_aSiglo XX _98 |
||
| 942 |
_2ddc _cLIBROS |
||
| 945 |
_arjall _d2019-04-30 |
||